000 00802nam a2200241Ia 4500
003 OSt
005 20220926024627.0
006 a|||||r|||| 00| 0
007 ta
008 220923b |||||||| |||| 00| 0 eng d
020 _a1405110849
_c4177.00
037 _b3437, 17/02/2005, Efficent
_cGeneral Book
040 _aRTL
_cRTL
_beng
041 _2eng
_aeng
082 _aU:(D6,9(B), P3
100 _aSPENCER John
_9292902
245 0 _aGlobal positioning system
_b A field guide for the social sciences
260 _aOxford
_bBlackwell Publishing
_c2003
300 _axii,218p. Bib p. 204-207 Appendix p. 208-213
_ccm.
650 _aModern - Geography
_9231135
942 _hU:(D6,9(B), P3
_cGB
_2CC
999 _c645011
_d645011